Residential and regeneration (Record no. 76382)

MARC details
000 -LEADER
fixed length control field 00745cab a2200181 4500
001 - CONTROL NUMBER
control field ##L132278
008 - FIXED-LENGTH DATA ELEMENTS--GENERAL INFORMATION
fixed length control field 060124n2006 000 0 eng u
035 ## - SYSTEM CONTROL NUMBER
System control number (Sirsi) u132278
041 0# - LANGUAGE CODE
Language code of text/sound track or separate title eng
100 1# - MAIN ENTRY--PERSONAL NAME
Personal name Roberts, Gwyn
245 00 - TITLE STATEMENT
Title Residential and regeneration
Remainder of title development, investment and mixed use
260 ## - PUBLICATION, DISTRIBUTION, ETC.
Date of publication, distribution, etc. 2006
490 #0 - SERIES STATEMENT
Series statement Property Week
Volume/sequential designation 20 January 2006, 37-43(6)
520 ## - SUMMARY, ETC.
Summary, etc. Reports on the latest business developments of property-related companies. It includes a full-length investigative report that asks if the current marketplace is turning on property investment clubs and their investors. A UK land and sites directory is also provided.
590 ## - LOCAL NOTE (RLIN)
Local note IKA310106
690 ## - LOCAL SUBJECT ADDED ENTRY--TOPICAL TERM (OCLC, RLIN)
Topical term or geographic name as entry element Residential property
9 (RLIN) 6266
942 ## - ADDED ENTRY ELEMENTS (KOHA)
Suppress in OPAC 0
Holdings
Withdrawn status Lost status Source of classification or shelving scheme Damaged status Not for loan Home library Current library Shelving location Date acquired Total Checkouts Full call number Barcode Date last seen Copy number Price effective from Koha item type
    Dewey Decimal Classification     London London Journal article 24/01/2006   L132278 132278-1001 06/08/2019 1 06/08/2019 Journal article